000 00376nam a2200145Ia 4500
008 210210b1974 xxu||||| |||| 00| 0 eng d
020 _a0 201 06314 X
082 _a301 RILV
100 _aRILEY (Gresham), Ed.
245 _aValues, objectivity and the social science.
260 _aLondon
_bAddison-Wesley
_c1974
300 _aiv,152
690 _aSociology
906 _a040848
999 _c90772
_d90772